| 000 | 01867cam a2200541 a 4500 | ||
|---|---|---|---|
| 001 | 22280 | ||
| 003 | VRT | ||
| 005 | 20260324163203.0 | ||
| 008 | 240313s2010 xo g 000 f slo | ||
| 015 | _aSNBA2011/01-00115 | ||
| 020 |
_a9788055122502 _q(viaz.) |
||
| 035 | _a891B548C-0F42-42A3-B125-585400ABE693 | ||
| 035 | _aurn:nbn:sk:snk-amk0z1 | ||
| 035 | _aurn:nbn:sk:snk-am008713 | ||
| 039 | 9 |
_a202403131608 _bVLOAD _c201808010903 _dVLOAD _c201703312147 _dcsnk01 _c201605110937 _dmkpoh03 |
|
| 040 |
_aSNK _bslo _cSNK _eAACR2 |
||
| 041 | 1 |
_aslo _hpor |
|
| 044 |
_axo _cSK |
||
| 072 | 7 |
_a821.134.3 _xPortugalská literatúra _2konspekt |
|
| 080 |
_a821.134.3(81)-31 _22001 |
||
| 080 |
_a929 _22001 |
||
| 080 |
_a27-244 _22001 |
||
| 080 |
_a27-236.5 _22001 |
||
| 080 |
_a(0:82-312.6) _22001 |
||
| 100 | 1 |
_aCoelho, Paulo, _d1947- _4aut |
|
| 240 | 1 | 0 |
_aO monte cinco _lSlovensky |
| 245 | 1 | 0 |
_aPiata hora _cPaulo Coelho ; [preklad: Miroslava Petrovská] |
| 250 | _a3. vyd. | ||
| 260 |
_aBratislava _bIkar _c2010 |
||
| 300 |
_a214 s. _c21 cm |
||
| 600 | 0 | 7 |
_aEliáš, _cprorok, _d10 stor. pr. Kr. _2SNKPH |
| 630 | 0 | 7 |
_aBiblia _pKráli, 1. _2SNKPH |
| 650 | 0 | 7 |
_astarozákonní proroci _2SNKPH |
| 650 | 0 | 7 |
_abiblické príbehy _2SNKPH |
| 655 | 7 |
_abrazílske romány _2SNKPH |
|
| 655 | 7 |
_abiografické romány _2SNKPH |
|
| 700 | 1 |
_aPetrovská, Miroslava, _d1963- _4trl |
|
| 910 | _ahevk | ||
| 910 | _apokpoh | ||
| 942 |
_2ddc _cKLDO _n0 |
||
| 949 |
_617A0673365 _asnkSC 142126 _bsnk2010/20395 _o2078/10 |
||
| 949 |
_617A0673362 _asnkSC 142126 D1 _bsnk2010/20396 _o2078/10 _s6100:20140925 |
||
| 949 |
_62889162303 _asavukM 112008 _bsavuk2010/4745 |
||
| 949 |
_6270001000366118 _asvkbbA 130224 _bsvkbbm 715073 |
||
| 949 |
_6273K0534106 _asvkpoA 211150 _bsvkpo538698 _rPoškodená |
||
| 949 |
_63869A19768 _abpksh821.134.3(81)-31 _bbpksh60080 |
||
| 980 | _a821.134.3(81)-31 | ||
| 999 |
_c22280 _d22280 |
||